Catálogo

BIENMESABE MARIDAJE DE ALMAS Y ESTOMAGOS POBLANOS (Registro nro. 58205)

Detalles MARC
000 -LEADER
fixed length control field 00754nam a2200181 a 4500
001 - CONTROL NUMBER
control field 58205
005 - DATE AND TIME OF LATEST TRANSACTION
control field 20180714054722.0
008 - FIXED-LENGTH DATA ELEMENTS--GENERAL INFORMATION
fixed length control field 140415s2010 mx 000 0 spa d
020 ## - INTERNATIONAL STANDARD BOOK NUMBER
International Standard Book Number 9786078123018
041 ## - LANGUAGE CODE
Language code of text/sound track or separate title spa
082 ## - DEWEY DECIMAL CLASSIFICATION NUMBER
Classification number 641.5097248
Item number INS
100 1# - MAIN ENTRY--PERSONAL NAME
Personal name Instituto Municipal de Arte y Cultura de Puebla,.
245 10 - TITLE STATEMENT
Title BIENMESABE MARIDAJE DE ALMAS Y ESTOMAGOS POBLANOS
250 ## - EDITION STATEMENT
Edition statement 1a ed.
260 ## - PUBLICATION, DISTRIBUTION, ETC.
Place of publication, distribution, etc. MEXICO :
Name of publisher, distributor, etc. INSTITUTO MUNICIPAL DE ARTE Y CULTURA DE PUEBLA,
Date of publication, distribution, etc. 2010
520 ## - SUMMARY, ETC.
Summary, etc. BIENMESABE FUE UNA IDEA SENCILLA: UNIR EL TRABAJO DE ARTISTAS Y CHEFS PARA PRODUCIR UN MENÚ NUEVO, BARROQUÄšSIMO Y NUEVO. LA IDEA NO REPRESENTABA NINGUN PROBLEMA; EL PROBLEMA ERA LLEVARLO A LA PRÁCTICA
650 14 - SUBJECT ADDED ENTRY--TOPICAL TERM
Topical term or geographic name entry element COCINA REGIONAL PUEBLA
Existencias
Withdrawn status Lost status Source of classification or shelving scheme Damaged status Not for loan Collection code Home library Current library Shelving location Date acquired Source of acquisition Inventory number Total Checkouts Full call number Barcode Date last seen Price effective from Koha item type
    Dewey Decimal Classification   Consulta en sala Puebla Biblioteca Karol Wojtyla Biblioteca Karol Wojtyla Área de silencio 03/12/2013 Compra 151000000000000000072649   641.5097248 INS 2010 87764 05/01/2026 25/08/2014 Libro